[Event "Sochi ChessAmateur op10"]
[Site "Sochi"]
[Date "2018.10.17"]
[Round "8"]
[White "Lebedinskiy, Valeriy"]
[Black "Seregina, Maria"]
[Result "1/2-1/2"]
[WhiteElo "1623"]
[BlackElo "1923"]
[PlyCount "95"]
[EventDate "2018.10.12"]
[EventType "swiss"]
[EventRounds "9"]
[EventCountry "RUS"]
[SourceTitle "CBM 187 Extra"]
[Source "ChessBase"]
[SourceDate "2018.11.04"]
[SourceVersion "1"]
[SourceVersionDate "2018.11.04"]
[SourceQuality "1"]

1. e4 c5 2. Nf3 Nc6 3. d4 cxd4 4. Nxd4 Nf6 5. Nc3 e5 6. Nb3 h6 7. a3 d6 8. h3 Be6 9. Bb5 a6 10. Bd3 d5 11. exd5 Nxd5 12. Bd2 Nxc3 13. Bxc3 Qd5 14. Qe2 Qxg2 15. 0-0-0 Qg5+ 16. Kb1 Qf4 17. Be4 Be7 18. Bxc6+ bxc6 19. Bxe5 Qc4 20. Qxc4 Bxc4 21. Bxg7 Rh7 22. Be5 Bh4 23. Bg3 Bg5 24. Na5 Bd5 25. Rhe1+ Kf8 26. c4 Be6 27. Nxc6 Bxh3 28. Bd6+ Kg8 29. f4 Bf6 30. Rg1+ Rg7 31. Rxg7+ Kxg7 32. Rg1+ Kh7 33. Ne5 Bxe5 34. Bxe5 Bf5+ 35. Kc1 Rg8 36. Rh1 Rg2 37. Bc3 Rf2 38. Bd2 Bg4 39. b4 Rf3 40. Kb2 Be6 41. f5 Bxc4 42. Rxh6+ Kg7 43. Rh4 Bd3 44. Bc3+ f6 45. Rd4 Bb5 46. Kb3 Rxf5 47. a4 Bf1 48. Rd6 1/2-1/2

[Event "Sochi ChessAmateur op10"]
[Site "Sochi"]
[Date "2018.10.16"]
[Round "7"]
[White "Tamaev, Vitaly"]
[Black "Lebedinskiy, Valeriy"]
[Result "0-1"]
[WhiteElo "1727"]
[BlackElo "1623"]
[PlyCount "98"]
[EventDate "2018.10.12"]
[EventType "swiss"]
[EventRounds "9"]
[EventCountry "RUS"]
[SourceTitle "CBM 187 Extra"]
[Source "ChessBase"]
[SourceDate "2018.11.04"]
[SourceVersion "1"]
[SourceVersionDate "2018.11.04"]
[SourceQuality "1"]

1. e4 e5 2. Bc4 Nc6 3. Nc3 Bc5 4. a3 d6 5. d3 h6 6. Nf3 Bg4 7. h3 Bh5 8. g4 Bg6 9. Qe2 a6 10. Be3 Nd4 11. Bxd4 exd4 12. Nd5 c6 13. Nf4 Qf6 14. Nxg6 Qxg6 15. 0-0-0 b5 16. Ba2 a5 17. Nd2 a4 18. f4 b4 19. f5 Qg5 20. h4 Qd8 21. Nc4 f6 22. g5 h5 23. Rdg1 Ra7 24. gxf6 Nxf6 25. Rg6 Ng4 26. Re6+ Re7 27. e5 Rxe6 28. fxe6 d5 29. axb4 Bxb4 30. Nd2 a3 31. b3 Rf8 32. Nf3 Bc3 33. Rf1 Qe7 34. Ng5 Rxf1+ 35. Qxf1 Nxe5 36. Kd1 Qf6 37. Ke2 Ke7 38. b4 Qxf1+ 39. Kxf1 Bxb4 40. Ke2 Ng6 41. Kf3 Nxh4+ 42. Kg3 Be1+ 43. Kh3 Ng6 44. Nf3 Nf4+ 45. Kh2 Bf2 46. Ne5 g5 47. Nxc6+ Kxe6 48. Na5 g4 49. Nb3 g3+ 0-1

[Event "Sochi ChessAmateur op10"]
[Site "Sochi"]
[Date "2018.10.15"]
[Round "5"]
[White "Buvaltsev, Andrey"]
[Black "Lebedinskiy, Valeriy"]
[Result "1-0"]
[WhiteElo "1903"]
[BlackElo "1623"]
[PlyCount "79"]
[EventDate "2018.10.12"]
[EventType "swiss"]
[EventRounds "9"]
[EventCountry "RUS"]
[SourceTitle "CBM 187 Extra"]
[Source "ChessBase"]
[SourceDate "2018.11.04"]
[SourceVersion "1"]
[SourceVersionDate "2018.11.04"]
[SourceQuality "1"]

1. d4 d5 2. Bf4 Nf6 3. Nd2 e6 4. e3 c5 5. c3 Nc6 6. Bg3 a6 7. Bd3 c4 8. Bc2 b5 9. a3 Bd6 10. e4 dxe4 11. Nxe4 Bxg3 12. hxg3 h6 13. Nf3 Nd5 14. Ne5 Nxe5 15. dxe5 Bb7 16. Nd6+ Ke7 17. Nxb7 Qc7 18. Nd6 Rhd8 19. Qh5 Rxd6 20. exd6+ Qxd6 21. 0-0 g6 22. Qxh6 Qe5 23. Rfe1 Qf6 24. f4 Kd7 25. Be4 Qe7 26. Bxd5 Qc5+ 27. Kf1 exd5 28. Qg7 Qf8 29. Qxf8 Rxf8 30. Rad1 Kc6 31. Re5 Rd8 32. Re7 Rd6 33. Rxf7 a5 34. Re7 b4 35. a4 Kc5 36. Re5 Kc6 37. g4 bxc3 38. bxc3 Rd8 39. Kf2 Rb8 40. Rdxd5 1-0

[Event "Sochi ChessAmateur op10"]
[Site "Sochi"]
[Date "2018.10.12"]
[Round "1"]
[White "Malinin, Yuri"]
[Black "Lebedinskiy, Valeriy"]
[Result "1-0"]
[WhiteElo "2172"]
[BlackElo "1623"]
[PlyCount "47"]
[EventDate "2018.10.12"]
[EventType "swiss"]
[EventRounds "9"]
[EventCountry "RUS"]
[SourceTitle "CBM 187 Extra"]
[Source "ChessBase"]
[SourceDate "2018.11.04"]
[SourceVersion "1"]
[SourceVersionDate "2018.11.04"]
[SourceQuality "1"]

1. Nf3 d5 2. c4 c6 3. d4 e6 4. Qc2 Nf6 5. Bg5 Be7 6. Nc3 a6 7. e3 h6 8. Bh4 Nbd7 9. b3 b5 10. c5 a5 11. Bd3 Nh5 12. Bg3 Nxg3 13. hxg3 Qc7 14. e4 dxe4 15. Nxe4 Nf6 16. Ne5 Bb7 17. Ng5 0-0-0 18. Nexf7 Rxd4 19. Nxe6 Qd7 20. Nxd4 Rf8 21. Bf5 Rxf7 22. Bxd7+ Nxd7 23. Qg6 Rf6 24. Qe8+ 1-0

[Event "Sochi ChessAmateur op"]
[Site "Sochi"]
[Date "2018.04.06"]
[Round "8"]
[White "Lebedinskiy, Valeriy"]
[Black "Bugaev, Anton"]
[Result "0-1"]
[WhiteElo "1689"]
[BlackElo "1516"]
[PlyCount "46"]
[EventDate "2018.04.01"]
[EventType "swiss"]
[EventRounds "9"]
[EventCountry "RUS"]
[SourceTitle "CBM 184 Extra"]
[Source "ChessBase"]
[SourceDate "2018.06.28"]
[SourceVersion "1"]
[SourceVersionDate "2018.06.28"]
[SourceQuality "1"]

1. d4 Nf6 2. Bg5 e6 3. e3 c5 4. Bxf6 Qxf6 5. c3 d5 6. Nf3 Nc6 7. a3 a5 8. Bd3 Bd6 9. dxc5 Bxc5 10. Nbd2 0-0 11. Nd4 e5 12. Ne2 e4 13. Bb5 Na7 14. Ba4 b5 15. Bb3 Be6 16. Nd4 Bxd4 17. exd4 Qg5 18. g3 Bg4 19. Qc1 e3 20. Nf1 Rfe8 21. Nxe3 Bf3 22. h4 Rxe3+ 23. fxe3 Qxg3+ 0-1

[Event "Sochi ChessAmateur op"]
[Site "Sochi"]
[Date "2018.04.05"]
[Round "7"]
[White "Gridnev, Yury"]
[Black "Lebedinskiy, Valeriy"]
[Result "1-0"]
[WhiteElo "2090"]
[BlackElo "1689"]
[PlyCount "75"]
[EventDate "2018.04.01"]
[EventType "swiss"]
[EventRounds "9"]
[EventCountry "RUS"]
[SourceTitle "CBM 184 Extra"]
[Source "ChessBase"]
[SourceDate "2018.06.28"]
[SourceVersion "1"]
[SourceVersionDate "2018.06.28"]
[SourceQuality "1"]

1. e4 e5 2. Nf3 Nc6 3. d4 exd4 4. Nxd4 Bc5 5. Be3 Nxd4 6. Bxd4 Bxd4 7. Qxd4 Qf6 8. e5 Qb6 9. Qxb6 axb6 10. Nc3 Ne7 11. Nb5 0-0 12. Bc4 Ng6 13. Nxc7 Ra5 14. Nd5 Nxe5 15. Bb3 Nc6 16. 0-0-0 d6 17. Nxb6 Be6 18. Nc4 Rc5 19. Nxd6 Bxb3 20. axb3 Ra8 21. Kb1 Rca5 22. c3 b5 23. b4 R5a6 24. Nxb5 Ra4 25. Kc2 h6 26. Rhe1 Rc8 27. Kb3 Raa8 28. Rd7 Rab8 29. Nd6 Rf8 30. Rc7 Nd8 31. Ree7 Ne6 32. Rb7 Rxb7 33. Rxb7 Rd8 34. Ne4 f5 35. Nc5 Nf4 36. g3 Nh3 37. b5 Nxf2 38. b6 1-0